Alicia en la país de las maravillas : (Record no. 16178)
[ view plain ]
| 000 -LEADER | |
|---|---|
| fixed length control field | 00856nam a2200253 4500 |
| 003 - CONTROL NUMBER IDENTIFIER | |
| control field | |
| 005 - DATE AND TIME OF LATEST TRANSACTION | |
| control field | 20160904142330.0 |
| 008 - FIXED-LENGTH DATA ELEMENTS--GENERAL INFORMATION | |
| fixed length control field | |
| 020 ## - INTERNATIONAL STANDARD BOOK NUMBER | |
| International Standard Book Number | 9788492660513 |
| 040 ## - CATALOGING SOURCE | |
| Transcribing agency | SJDS |
| 041 ## - LANGUAGE CODE | |
| Language code of text/sound track or separate title | spa |
| 100 ## - MAIN ENTRY--PERSONAL NAME | |
| Personal name | Ferrari, Alessandro |
| 245 ## - TITLE STATEMENT | |
| Title | Alicia en la país de las maravillas : |
| Remainder of title | novela gráfica / |
| Statement of responsibility, etc. | adaptación de la película de Tim Burton ; [adaptación manuscrito Alessandro Ferrari ; diseño, limpieza y tinta, Massimiliano Narciso] |
| 246 ## - VARYING FORM OF TITLE | |
| Title proper/short title | Disney Alicia en la país de las maravillas : |
| 260 ## - PUBLICATION, DISTRIBUTION, ETC. (IMPRINT) | |
| Place of publication, distribution, etc. | Madrid : |
| Name of publisher, distributor, etc. | Libros Disney, |
| Date of publication, distribution, etc. | 2010 |
| 300 ## - PHYSICAL DESCRIPTION | |
| Extent | 95 p. : |
| Other physical details | mostly color illustrations ; |
| Dimensions | 26 cm |
| 500 ## - GENERAL NOTE | |
| General note | Original title: Alice in Wonderland |
| 500 ## - GENERAL NOTE | |
| General note | Preceding the title: Disney |
| 700 ## - ADDED ENTRY--PERSONAL NAME | |
| Personal name | Burton, Tim |
| 700 ## - ADDED ENTRY--PERSONAL NAME | |
| Personal name | Narciso, Massimiliano |
| 710 ## - ADDED ENTRY--CORPORATE NAME | |
| Corporate name or jurisdiction name as entry element | Disney |
| 740 ## - ADDED ENTRY--UNCONTROLLED RELATED/ANALYTICAL TITLE | |
| Uncontrolled related/analytical title | Alice in Wonderland |
| 942 ## - ADDED ENTRY ELEMENTS (KOHA) | |
| Koha item type | Libro/Book |
| Source of classification or shelving scheme | Dewey Decimal Classification |
| Withdrawn status | Lost status | Damaged status | Not for loan | Home library | Current library | Date acquired | Total Checkouts | Barcode | Date last seen | Price effective from | Koha item type |
|---|---|---|---|---|---|---|---|---|---|---|---|
| Capulin -- Satellite | Capulin -- Satellite | 10/05/2016 | 35100022 | 10/05/2016 | 10/05/2016 | Libro/Book | |||||
| Sevadilla -- Satellite | Sevadilla -- Satellite | 31/05/2016 | 35400046 | 31/05/2016 | 31/05/2016 | Libro/Book |